D'un cinema l'autre: notes sur le cinéma francais des années cinquante
Gorde:
| Egile nagusia: | |
|---|---|
| Formatua: | Liburua |
| Hizkuntza: | frantsesa |
| Argitaratua: |
París
Centre Georges Pompidou
1988
|
| Saila: | Cinema. Singulier
|
| Gaiak: | |
| Etiketak: |
Etiketa erantsi
Etiketarik gabe, Izan zaitez lehena erregistro honi etiketa jartzen!
|
MARC
| LEADER | 00000nam a2200000 a 4500 | ||
|---|---|---|---|
| 001 | UCV9930 | ||
| 003 | CL-VaPUC | ||
| 008 | 930803e19880000FR |||||||||||||||||fre|d | ||
| 082 | 0 | 4 | |a 791.43 |b PAS |2 21 |
| 100 | |a Passek, Jean-Loup |e auteur |9 303915 | ||
| 245 | 1 | 0 | |a D'un cinema l'autre: notes sur le cinéma francais des années cinquante |
| 300 | |a 127 p | ||
| 942 | |c BK | ||
| 945 | |d 19930803 00:00:00 | ||
| 260 | |a París |b Centre Georges Pompidou |c 1988 | ||
| 650 | 0 | |a Cine |9 225706 | |
| 650 | 7 | |a HISTORIA 1950-1960 |2 CL-VaPUC |9 268899 | |
| 651 | 0 | |a Francia |9 255157 | |
| 583 | |a last modification |c 19930803 00:00:00 |k Rodrigo Vera | ||
| 490 | 0 | |a Cinema. Singulier | |
| 999 | |c 215200 |d 215198 | ||
| 952 | |0 0 |1 0 |4 0 |6 791_430000000000000_PAS_1988 |7 0 |8 A |9 199232 |a BIBARQ |b BIBARQ |d 2019-11-14 |i 2665476 |o 791.43 PAS 1988 |p 2665476 |r 2025-01-20 |w 2019-11-14 |y BK |k ARQ | ||